Les ruptures de l'any 1939 / edició a cura de Manel Risques, Francesc Vilanova i Ricard Vinyes
ISBN:
84-8415-238-3
Descripción Física:
218 p. ; 19 cm
Colección:
Biblioteca Serra d'Or ; 250
MARC
| LEADER | 00000nam a2200000Ia 4500 | ||
|---|---|---|---|
| 001 | 13172 | ||
| 008 | 160829s2000 xx 000 0 cat d | ||
| 020 | |a 84-8415-238-3 | ||
| 080 | |a H-2-119 | ||
| 245 | |a Les ruptures de l'any 1939 / edició a cura de Manel Risques, Francesc Vilanova i Ricard Vinyes | ||
| 260 | |a Barcelona : |b Fundació Carles Pi i Sunyer : |b Publicacions de l'Abadia de Montserrat, |c 2000 | ||
| 300 | |a 218 p. ; |c 19 cm | ||
| 490 | |a Biblioteca Serra d'Or ; 250 | ||
| 650 | 0 | |a Franquisme |9 31577 | |
| 650 | |a Catalunya |x Història |x 1939 |9 37681 | ||
| 700 | |a Risques Corbella, Manel, ed. |9 37682 |e editor literari | ||
| 700 | |a Vilanova, Francesc |e editor literari |9 37678 | ||
| 700 | |a Vinyes, Ricard, |d 1952- |e editor literari |9 37675 | ||
| 710 | 1 | |a Fundació Carles Pi i Sunyer d'Estudis Autonòmics i Locals |9 52753 | |
| 901 | |a Arxiu | ||
| 942 | |n 1 |2 udc | ||
| 952 | |0 0 |1 0 |4 0 |6 H2119 |7 1 |9 47992 |a Arxiu |b Arxiu |d 2016-12-01 |l 0 |o H-2-119 |p 13172 |r 2016-12-01 00:00:00 |w 2016-12-01 |y ARXIU | ||
| 999 | |c 51793 |d 51793 | ||